000 00460nam a2200193Ia 4500
008 101110s9999 xx 000 0 und d
041 _aENGLISH
082 _bJR2408
100 _aSrivastava P.K.
245 _aBanking Theory and Practice
365 _b35
520 _aCommerce
546 _aENGLISH
630 _aBanking Theory and Practice
650 _aCommerce
655 _aCommerce
730 _aBanking Theory and Practice
942 _cBOOK
999 _c794214
_d794211